Y lo que queda es el hombre / (Record no. 125603)

MARC details
000 -LEADER
campo de control de longitud fija 00513nam a2200169 i 4500
001 - NÚMERO DE CONTROL
campo de control 125603
003 - IDENTIFICADOR DE NÚMERO DE CONTROL
campo de control ES-MaACL
007 - CAMPO FIJO DE DESCRIPCIÓN FÍSICA--INFORMACIÓN GENERAL
campo de control de longitud fija t|
008 - DATOS DE LONGITUD FIJA--INFORMACIÓN GENERAL
campo de control de longitud fija 070620s1954 sp ||||1| spa d
100 1# - ENTRADA PRINCIPAL--NOMBRE DE PERSONA
Nombre de persona Ziesel, Kurt.
9 (RLIN) 118248
245 10 - MENCIÓN DEL TÍTULO
Título Y lo que queda es el hombre /
Mención de responsabilidad, etc. Kurt Ziesel ; [versión española de Joaquín Verdaguer].
250 ## - MENCION DE EDICION
Mención de edición 1ª ed.
260 ## - PUBLICACIÓN, DISTRIBUCIÓN, ETC.
Lugar de publicación, distribución, etc. Barcelona :
Nombre del editor, distribuidor, etc. Luis de Caralt,
Fecha de publicación, distribución, etc. [1954] (
Fabricante Ampurias)
300 ## - DESCRIPCIÓN FÍSICA
Extensión 359 p. ;
Dimensiones 20 cm.
600 14 - PUNTO DE ACCESO ADICIONAL DE MATERIA--NOMBRE DE PERSONA
Nombre de persona Verdaguer, Joaquín.
9 (RLIN) 114000
852 ## - LOCALIZACIÓN
Ubicación ES-MaACL
Número de control de estantería C-8771
Holdings
Estatus retirado Estado de pérdida Estado de daño No para préstamo Biblioteca de origen Biblioteca actual Ubicación en estantería Fecha de adquisición Fuente de adquisición Total de préstamos Signatura topográfica completa Código de barras Visto por última vez Precio de reemplazo Tipo de ítem Koha
        Biblioteca del Ateneo de Madrid Biblioteca del Ateneo de Madrid Sala Palomar 17/01/2008     C-8771 1130842 23/02/2023 23/02/2023 Libro impreso